How to Read Marx's Capital / (Record no. 15282)
[ view plain ]
| 000 -LEADER | |
|---|---|
| fixed length control field | 01529cam a22003614a 4500 |
| 001 - CONTROL NUMBER | |
| control field | 15374855 |
| 005 - DATE AND TIME OF LATEST TRANSACTION | |
| control field | 20090129081746.0 |
| 008 - FIXED-LENGTH DATA ELEMENTS--GENERAL INFORMATION | |
| fixed length control field | 080721s2008 enk b 001 0 eng d |
| 010 ## - LIBRARY OF CONGRESS CONTROL NUMBER | |
| LC control number | 2008298242 |
| 020 ## - INTERNATIONAL STANDARD BOOK NUMBER | |
| International Standard Book Number | 0745325610 |
| 020 ## - INTERNATIONAL STANDARD BOOK NUMBER | |
| International Standard Book Number | 9780745325613 |
| 035 ## - SYSTEM CONTROL NUMBER | |
| System control number | (OCoLC)ocn182039453 |
| 040 ## - CATALOGING SOURCE | |
| Original cataloging agency | YDXCP |
| Transcribing agency | YDXCP |
| Modifying agency | BAKER |
| -- | BWK |
| -- | BTCTA |
| -- | INU |
| -- | DLC |
| 042 ## - AUTHENTICATION CODE | |
| Authentication code | lccopycat |
| 050 00 - LIBRARY OF CONGRESS CALL NUMBER | |
| Classification number | HB501.M5 |
| Item number | S44 2008 |
| 082 ## - DEWEY DECIMAL CLASSIFICATION NUMBER | |
| Edition number | 22 |
| Item number | SHA |
| Classification number | 331 |
| 100 1# - MAIN ENTRY--PERSONAL NAME | |
| Personal name | Shapiro, Stephen, |
| Dates associated with a name | 1964- |
| 9 (RLIN) | 23828 |
| 245 10 - TITLE STATEMENT | |
| Title | How to Read Marx's Capital / |
| Statement of responsibility, etc | Stephen Shapiro. |
| 246 10 - VARYING FORM OF TITLE | |
| Title proper/short title | Marx's Capital |
| 260 ## - PUBLICATION, DISTRIBUTION, ETC. (IMPRINT) | |
| Place of publication, distribution, etc | London ; |
| -- | Ann Arbor : |
| Name of publisher, distributor, etc | Pluto, 2008 |
| Date of publication, distribution, etc | 2008. |
| 300 ## - PHYSICAL DESCRIPTION | |
| Extent | x, 182 p. ; |
| Dimensions | 19 cm. |
| 490 ## - Series Statement | |
| -- | 23827 |
| Series statement | How to Read Theory |
| 504 ## - BIBLIOGRAPHY, ETC. NOTE | |
| Bibliography, etc | Includes bibliographical references (p. 174-175) and index. |
| 600 10 - SUBJECT ADDED ENTRY--PERSONAL NAME | |
| Personal name | Marx, Karl, |
| Dates associated with a name | 1818-1883. |
| Title of a work | Kapital. |
| 9 (RLIN) | 23829 |
| 650 #0 - SUBJECT ADDED ENTRY--TOPICAL TERM | |
| Topical term or geographic name as entry element | Marxian economics. |
| 9 (RLIN) | 23830 |
| 653 ## - INDEX TERM--UNCONTROLLED | |
| Resource For college | |
| Arrived date list | May2011 |
| 856 42 - ELECTRONIC LOCATION AND ACCESS | |
| Materials specified | Publisher description |
| Uniform Resource Identifier | <a href="http://www.loc.gov/catdir/enhancements/fy0837/2008298242-d.html">http://www.loc.gov/catdir/enhancements/fy0837/2008298242-d.html</a> |
| 856 42 - ELECTRONIC LOCATION AND ACCESS | |
| Materials specified | Contributor biographical information |
| Uniform Resource Identifier | <a href="http://www.loc.gov/catdir/enhancements/fy0904/2008298242-b.html">http://www.loc.gov/catdir/enhancements/fy0904/2008298242-b.html</a> |
| 856 41 - ELECTRONIC LOCATION AND ACCESS | |
| Materials specified | Table of contents only |
| Uniform Resource Identifier | <a href="http://www.loc.gov/catdir/enhancements/fy0904/2008298242-t.html">http://www.loc.gov/catdir/enhancements/fy0904/2008298242-t.html</a> |
| 942 ## - ADDED ENTRY ELEMENTS (KOHA) | |
| Source of classification or shelving scheme | Dewey Decimal Classification |
| Item type | Book - Borrowing |
| Withdrawn status | Item status | Source of classification or shelving scheme | Damaged status | Not for loan | Vendor | Home library | Current library | Shelving location | Date acquired | Source of acquisition | Cost, normal purchase price | Serial Enumeration / chronology | Total Checkouts | Full call number | Barcode | Date last seen | Koha item type |
|---|---|---|---|---|---|---|---|---|---|---|---|---|---|---|---|---|---|
| Dewey Decimal Classification | Baccah | Central Library | Central Library | First floor | 12/05/2011 | 221.00 | 12250 | 331 SHA | 000023553 | 15/07/2025 | Book - Borrowing |